10 Ciudades más grandes de los países bálticos - Estadísticas

Estadísticas generales
  • Esta prueba ha sido intentada 28 veces
  • La puntuación promedio es 6 de 10
Respuestas en el mapa
Las respuestas están codificadas por una escala verde-roja en el mapa de la prueba según el % correcto abajo.
 
Estadísticas de respuestas
Pais Ciudad Poblatión % Correcto
Letonia Riga 600 mil
100%
Estonia Tallinn 450 mil
100%
Lituania Vilna 600 mil
100%
Lituania Kaunas 300 mil
68%
Lituania Klaipeda 160 mil
50%
Estonia Tartu 100 mil
41%
Letonia Daugavpils 78 mil
36%
Letonia Liepāja 67 mil
32%
Lituania Panevezys 85 mil
14%
Lituania Šiauliai 110 mil
14%
No se encontraron pruebas coincidentes
Distribución de puntuación
Porcentaje de gente con cada puntuación
Porcentaje por número respondido
Historial de tus puntuaciones
No has intentado esta prueba.